000 00479nam a22001697a 4500
003 CEME
005 20210628210336.0
008 210216b xxu||||| |||| 00| 0 eng d
040 _c.
082 _a923.5 ASL
100 _aAslam Lodhi
_946967
245 _aKargil kay hero nishan haider
260 _aLAHORE
_bDUA PUBLISHERS
_c2000
300 _a217P
650 _aHAV LALAK JHAN SHAHEED CAPT COL SHER KHAN SHAHEED PAKISTAN-BIOGRAPHY-KARGIL KAY HERO
_979058
942 _cBK
_2ddc
999 _c584126
_d584126